Prevención del racismo en el lugar de trabajo

Збережено в:
Бібліографічні деталі
Співавтор: Fundación Europea para la Mejora de las Condiciones de Vida y de Trabajo
Формат: Текст
Опубліковано: Dublin: Fudación Europea
Теги: Додати тег
Немає тегів, Будьте першим, хто поставить тег для цього запису!

MARC

LEADER 00000 a a2200000 04500
001 23047
003
040 |a CRAI/IIS  |c CRAI/IIS 
090 |a 158900  
110 |a Fundación Europea para la Mejora de las Condiciones de Vida y de Trabajo  
245 |a Prevención del racismo en el lugar de trabajo  
260 |a Dublin:   |b Fudación Europea  
300 |a 40 p.  
999 |c 10785  |d 10785